00262nam a2200097 a 450000500170000000800410001705000220005824500550008065000170013565000120015220140414093836.0030611s19uu xx 00 eng d aCDR 770bPHO 1995 aPhoto CD Gallery #2 :bfor windows and macintosh. aPhotography. aCD-ROM.